[Event "31. Münsterland Open"]
[Site "Senden"]
[Date "2013.11.02"]
[Round "8.7"]
[White "Kammers, Heribert"]
[Black "Kubo, Thomas"]
[Result "1-0"]
[WhiteElo "2168"]
[BlackElo "2038"]
[PlyCount "91"]
[EventDate "2013.??.??"]

1. Nf3 c5 2. b3 Nc6 3. Bb2 Nf6 4. c4 e6 5. g3 Be7 6. Bg2 a6 7. O-O O-O 8. d4
cxd4 9. Nxd4 Qc7 10. Nc3 d6 11. Rc1 Bd7 12. Nd5 Qd8 13. Nxe7+ Qxe7 14. Ba3 Rfd8
15. Qd2 Nxd4 16. Qxd4 Bc6 17. Rfd1 Ne8 18. Qb6 Bxg2 19. Kxg2 Rac8 20. Rd3 Rc6
21. Qa5 Qc7 22. Qxc7 Nxc7 23. Rcd1 Ne8 24. e4 f6 25. c5 d5 26. exd5 exd5 27.
Rxd5 Rxd5 28. Rxd5 Nc7 29. Rd7 a5 30. Rd6 Kf7 31. Rxc6 bxc6 32. Bc1 Ke6 33. Bd2
a4 34. bxa4 Kd5 35. Be3 Na6 36. Kf3 Nxc5 37. Bxc5 Kxc5 38. Ke4 Kb4 39. Kd4 c5+
40. Kd5 c4 41. Kd4 c3 42. Kd3 Kxa4 43. Kxc3 Ka3 44. Kd4 Kxa2 45. Kd5 g6 46. Ke6
1-0

[Event "31. Münsterland Open"]
[Site "Senden"]
[Date "2013.11.02"]
[Round "8.8"]
[White "Ljuboschiz, Alexander"]
[Black "Quante, Lennart"]
[Result "1/2-1/2"]
[WhiteElo "2161"]
[BlackElo "1927"]
[PlyCount "77"]
[EventDate "2013.??.??"]

1. e4 e5 2. Nf3 Nc6 3. Bc4 Bc5 4. c3 Nf6 5. d3 a6 6. O-O d6 7. Bb3 Bd7 8. Be3
Bxe3 9. fxe3 O-O 10. Nbd2 d5 11. exd5 Nxd5 12. Qe2 Bg4 13. h3 Bh5 14. Rad1 Qd7
15. Ne4 b6 16. Ng3 Bg6 17. Nh4 Nce7 18. Nxg6 hxg6 19. Qf3 Nf6 20. d4 exd4 21.
cxd4 g5 22. Nf5 Nxf5 23. Qxf5 Qxf5 24. Rxf5 Rae8 25. Re5 Nd7 26. Rxe8 Rxe8 27.
Kf2 Nf6 28. Kf3 Kf8 29. Bc4 a5 30. Bd3 Nd5 31. e4 Nf4 32. Bb5 Re7 33. e5 f6 34.
exf6 gxf6 35. h4 Nd5 36. hxg5 fxg5 37. Rc1 Re3+ 38. Kg4 Ke7 39. Kxg5 1/2-1/2

[Event "31. Münsterland Open"]
[Site "Senden"]
[Date "2013.11.02"]
[Round "8.9"]
[White "Hofene, Dieter"]
[Black "Langhanke, Günther"]
[Result "1-0"]
[WhiteElo "2071"]
[BlackElo "2160"]
[PlyCount "61"]
[EventDate "2013.??.??"]

1. e4 c5 2. Nc3 a6 3. g3 b5 4. Bg2 Bb7 5. d3 e6 6. Nf3 d5 7. exd5 exd5 8. d4 c4
9. O-O Nf6 10. Bg5 Be7 11. Bxf6 Bxf6 12. Re1+ Kf8 13. Ne5 Ra7 14. a3 Bxe5 15.
dxe5 d4 16. Bxb7 Rxb7 17. Qf3 Qb6 18. Nd5 Qe6 19. Rad1 Nc6 20. Nf4 Qe8 21. Qd5
Re7 22. Qc5 Kg8 23. Nd5 Rb7 24. e6 fxe6 25. Qd6 e5 26. Nc7 Qe7 27. Qxc6 Rxc7
28. Qd5+ Kf8 29. Rxe5 Qd7 30. Qf3+ Kg8 31. Rxd4 1-0

[Event "31. Münsterland Open"]
[Site "Senden"]
[Date "2013.11.02"]
[Round "8.10"]
[White "Santos Brito, Daniel"]
[Black "Lenaerts, Lennert"]
[Result "0-1"]
[WhiteElo "1904"]
[BlackElo "2147"]
[PlyCount "50"]
[EventDate "2013.??.??"]

1. e4 e5 2. f4 exf4 3. Nf3 g5 4. h4 g4 5. Ne5 Nf6 6. Bc4 d5 7. exd5 Bd6 8. d4
Nh5 9. Nc3 f6 10. Nxg4 Ng3 11. Rh2 Qe7+ 12. Kf2 h5 13. Bxf4 hxg4 14. Qd2 Bxf4
15. Qxf4 Nh5 16. Qd2 g3+ 17. Kf3 Rg8 18. Ne4 Bg4+ 19. Ke3 f5 20. Kd3 fxe4+ 21.
Kc3 gxh2 22. d6 Qxd6 23. Bxg8 Nc6 24. a3 O-O-O 25. Bc4 Qg3+ 0-1

[Event "31. MÃ¼nsterland Open"]
[Site "Senden"]
[Date "2013.11.03"]
[Round "9.1"]
[White "Ackermann, Hans Werner"]
[Black "RÃ¼berg, Jobst"]
[Result "1-0"]
[WhiteElo "2308"]
[BlackElo "2140"]
[PlyCount "109"]
[EventDate "2013.??.??"]

1. b3 e5 2. Bb2 d6 3. e3 Nc6 4. Nf3 Nf6 5. d4 e4 6. Nfd2 d5 7. c4 Bg4 8. Qc1
Bb4 9. a3 Bxd2+ 10. Nxd2 O-O 11. h3 Be6 12. Qc2 Ne7 13. cxd5 Bxd5 14. Rc1 Rc8
15. a4 Re8 16. Ba3 Nf5 17. Nb1 Nh4 18. Nc3 c6 19. Bc5 Ra8 20. Rb1 Qd7 21. Qd1
Qf5 22. Bd6 Qg6 23. Bg3 Nf5 24. Ne2 Qh6 25. Bf4 g5 26. Be5 Rac8 27. b4 Nh5 28.
Nc3 Nh4 29. Be2 Ng7 30. O-O f6 31. Bg3 Nhf5 32. Nxd5 cxd5 33. Bh2 Nh4 34. Qb3
Rcd8 35. Rfc1 f5 36. Bc7 Rd7 37. Bb5 Nf3+ 38. gxf3 exf3 39. Bf1 g4 40. Bf4 Qg6
41. Rc2 Rdd8 42. Rc5 Qf7 43. Rbc1 Ne6 44. R5c3 Qg7 45. Qd1 Nxf4 46. exf4 Kh8
47. Kh1 Rf8 48. Rc7 Qg6 49. Qe1 Rf6 50. Qe5 Kg8 51. Rc8 Rxc8 52. Qxd5+ Kg7 53.
Qxb7+ Kh6 54. Rxc8 gxh3 55. Qxf3 1-0

[Event "31. Münsterland Open"]
[Site "Senden"]
[Date "2013.11.03"]
[Round "9.2"]
[White "Müller, Martin"]
[Black "Graf, Roland"]
[Result "1/2-1/2"]
[WhiteElo "2100"]
[BlackElo "2145"]
[PlyCount "62"]
[EventDate "2013.??.??"]

1. e4 e6 2. d4 d5 3. Nc3 Bb4 4. e5 c5 5. a3 Bxc3+ 6. bxc3 Ne7 7. Qg4 O-O 8. Nf3
Nbc6 9. Bd3 f5 10. exf6 Rxf6 11. Bg5 Rf7 12. Qh5 g6 13. Qh4 Qa5 14. O-O c4 15.
Be2 Qxc3 16. Rfc1 Nf5 17. Qh3 Ncxd4 18. Bd1 Nxf3+ 19. Qxf3 Qxf3 20. Bxf3 Bd7
21. c3 b5 22. Rd1 Bc6 23. Re1 Re8 24. Re5 h6 25. Bd2 Kg7 26. Rae1 Bd7 27. Bxd5
exd5 28. Rxe8 Bxe8 29. Rxe8 Re7 30. Rxe7+ Nxe7 31. Kf1 Nc6 1/2-1/2

[Event "31. MÃ¼nsterland Open"]
[Site "Senden"]
[Date "2013.11.03"]
[Round "9.3"]
[White "Seegers, Hendrik"]
[Black "Sazanov, Nikolay E"]
[Result "1/2-1/2"]
[WhiteElo "2222"]
[BlackElo "2254"]
[PlyCount "97"]
[EventDate "2013.??.??"]

1. d4 d5 2. c4 e6 3. g3 c6 4. Bg2 Bd6 5. Nc3 f5 6. c5 Bc7 7. Nh3 Ne7 8. Bf4 Ng6
9. Bg5 Qd7 10. Nf4 e5 11. Nxg6 hxg6 12. Qd2 b6 13. cxb6 axb6 14. O-O e4 15. b4
O-O 16. Rfc1 Na6 17. Rab1 b5 18. a4 Bb7 19. Bf4 Rfc8 20. Bxc7 Nxc7 21. axb5
cxb5 22. e3 g5 23. Bf1 Rf8 24. Ra1 f4 25. Rxa8 Bxa8 26. Ra1 Bc6 27. Ra7 Qd6 28.
Bh3 Rf7 29. Ne2 Qh6 30. Bg4 f3 31. Nc3 Ne8 32. Qa2 Rxa7 33. Qxa7 Qd6 34. Qb6
Nc7 35. Bh3 Kf7 36. Bf1 Ke7 37. Qa7 Kd8 38. Qa5 Qd7 39. Na2 Ke7 40. Nc1 Kd6 41.
Nb3 Qc8 42. Qb6 g4 43. Na5 Qa8 44. h3 Kd7 45. hxg4 g5 46. Bh3 Na6 47. Bf1 Nc7
48. Qc5 Ne6 49. Qb6 1/2-1/2

[Event "31. MÃ¼nsterland Open"]
[Site "Senden"]
[Date "2013.11.03"]
[Round "9.4"]
[White "Bub, Volker"]
[Black "PÃ¤htz, Thomas"]
[Result "0-1"]
[WhiteElo "2103"]
[BlackElo "2401"]
[PlyCount "79"]
[EventDate "2013.??.??"]

1. Nf3 Nf6 2. g3 d5 3. Bg2 c6 4. b3 Bg4 5. Bb2 Nbd7 6. d3 e6 7. Nbd2 Be7 8. O-O
O-O 9. c4 a5 10. a3 Re8 11. Qc2 Bf8 12. h3 Bh5 13. Rfe1 e5 14. e3 h6 15. Bc3
Bg6 16. b4 e4 17. dxe4 dxe4 18. Nd4 c5 19. bxc5 Nxc5 20. Reb1 a4 21. Rb5 Nfd7
22. Ne2 Bd6 23. Bd4 Rc8 24. Nc3 Ra8 25. Nd5 Ra6 26. Rab1 Bf8 27. h4 Bf5 28. Qc3
Bg4 29. Re1 f5 30. Nf4 g5 31. hxg5 hxg5 32. Nd5 Rh6 33. Nf1 Bf3 34. Nh2 Bxg2
35. Kxg2 Ree6 36. Rh1 Rc6 37. Rbb1 Qe8 38. g4 Rh4 39. Rbg1 Rch6 40. Bf6 $138
0-1

[Event "31. MÃ¼nsterland Open"]
[Site "Senden"]
[Date "2013.11.03"]
[Round "9.5"]
[White "Molinaroli, Martin"]
[Black "Kammers, Heribert"]
[Result "1/2-1/2"]
[WhiteElo "2289"]
[BlackElo "2168"]
[PlyCount "120"]
[EventDate "2013.??.??"]

1. b3 e5 2. Bb2 d6 3. e3 Nf6 4. d4 Nbd7 5. Nd2 g6 6. dxe5 Nxe5 7. Ngf3 Nxf3+ 8.
Qxf3 Bg7 9. Ne4 Bf5 10. Bd3 O-O 11. Nxf6+ Bxf6 12. Bxf6 Qxf6 13. O-O Kg7 14.
Bxf5 Qxf5 15. Qxb7 Qxc2 16. Rfc1 Qb2 17. Qc6 Rae8 18. Rcb1 Qa3 19. b4 Qd3 20.
Qxc7 Rc8 21. Qxa7 Rc4 22. Qa4 Rfc8 23. a3 Rc2 24. Qd7 Qd2 25. Rf1 R8c3 26. Rad1
Qe2 27. Qxd6 Rxa3 28. Qe5+ Kh6 29. Qf4+ Kg7 30. g3 Rc4 31. Rd4 Rxd4 32. Qxd4+
Kh6 33. h4 Rb3 34. Qf4+ Kg7 35. Qd4+ Kh6 36. Qf4+ Kg7 37. Qe5+ Kh6 38. Qg5+ Kg7
39. Qe5+ Kh6 40. Qe4 Qb2 41. Qf4+ Kg7 42. h5 Rxb4 43. h6+ Kg8 44. Rd1 Rb8 45.
Qd6 Rf8 46. Rd4 Qb1+ 47. Kg2 Qb7+ 48. e4 f5 49. Qe6+ Qf7 50. exf5 gxf5 51. Qe5
Re8 52. Qf4 Qf6 53. Rd6 Qf7 54. Qg5+ Kh8 55. Rd8 Rf8 56. f4 Qa2+ 57. Kh3 Qf7
58. Rxf8+ Qxf8 59. Kg2 $4 (59. Kh4 $18) 59... Qa8+ 60. Kh2 Qg2+ 1/2-1/2

[Event "31. MÃ¼nsterland Open"]
[Site "Senden"]
[Date "2013.11.03"]
[Round "9.6"]
[White "Lenaerts, Lennert"]
[Black "Steinle, Carsten"]
[Result "*"]
[WhiteElo "2147"]
[BlackElo "2188"]
[PlyCount "66"]
[EventDate "2013.??.??"]

1. d4 e6 2. c4 b6 3. a3 c5 4. d5 exd5 5. cxd5 g6 6. Nc3 Ba6 7. g3 Bg7 8. Bg2 d6
9. Bf4 Ne7 10. Nf3 O-O 11. O-O Nf5 12. Re1 Re8 13. Rc1 h6 14. e4 Nd4 15. Nxd4
cxd4 16. Ne2 g5 17. Bd2 Nd7 18. b4 Qe7 19. a4 Rac8 20. Qb3 d3 21. Rxc8 Rxc8 22.
Nc1 Rc2 23. b5 Nc5 24. Qb4 Rb2 25. Qc4 Rxd2 26. bxa6 Rc2 27. Qb4 Bc3 28. Qb1
Rb2 29. Qa1 d2 30. Rd1 dxc1=Q 31. Rxc1 Qf6 32. Rxc3 Qxf2+ 33. Kh1 Qxg2# *

[Event "31. MÃ¼nsterland Open"]
[Site "Senden"]
[Date "2013.11.03"]
[Round "9.7"]
[White "Ljuboschiz, Alexander"]
[Black "Hofene, Dieter"]
[Result "1/2-1/2"]
[WhiteElo "2161"]
[BlackElo "2071"]
[PlyCount "116"]
[EventDate "2013.??.??"]

1. e4 e6 2. d4 d5 3. Nc3 h6 4. Nf3 Nf6 5. exd5 exd5 6. Bd3 c5 7. dxc5 Bxc5 8.
O-O O-O 9. h3 Nc6 10. Bf4 a6 11. a3 Be6 12. Qd2 Re8 13. Rfe1 Rc8 14. Rad1 b5
15. Ne5 Nxe5 16. Bxe5 Nd7 17. Bg3 Qf6 18. Qf4 Qxf4 19. Bxf4 Nb6 20. Ne2 Nc4 21.
Bxc4 dxc4 22. Be3 Bf5 23. Bxc5 Rxc5 24. Nd4 Rxe1+ 25. Rxe1 Kf8 26. c3 Bd7 27.
f3 Rd5 28. Kf2 a5 29. f4 f6 30. Kf3 Kf7 31. g4 Rc5 32. Kg3 Rc8 33. f5 b4 34.
axb4 axb4 35. Ra1 bxc3 36. bxc3 Rc7 37. Kf4 Bc8 38. Ra8 Bd7 39. Rb8 Ke7 40. Rb6
Kf7 41. Ke4 g6 42. Kd5 h5 43. Rb8 hxg4 44. hxg4 gxf5 45. gxf5 Ke7 46. Rh8 Ra7
47. Rh7+ Ke8 48. Rh8+ Ke7 49. Kxc4 Kd6 50. Nb5+ Bxb5+ 51. Kxb5 Rb7+ 52. Kc4 Ke5
53. Rh5 Rc7+ 54. Kd3 Rd7+ 55. Kc2 Rc7 56. Kb3 Rb7+ 57. Ka4 Rc7 58. Kb4 Rb7+
1/2-1/2

[Event "31. Münsterland Open"]
[Site "Senden"]
[Date "2013.11.03"]
[Round "9.8"]
[White "Althoff, Ralph"]
[Black "Hedke, Fred"]
[Result "1-0"]
[WhiteElo "2077"]
[BlackElo "2300"]
[PlyCount "55"]
[EventDate "2013.??.??"]

1. e4 e5 2. Nf3 d6 3. d4 exd4 4. Nxd4 Nf6 5. Nc3 Be7 6. Be2 O-O 7. Bf4 a6 8.
Qd2 Nc6 9. Nf5 Bxf5 10. exf5 Ne5 11. O-O-O b5 12. Rdg1 b4 13. Nd1 c5 14. g4 Qa5
15. Kb1 c4 16. g5 Nd5 17. f6 c3 18. Qd4 Bd8 19. Bxe5 dxe5 20. Qe4 b3 21. axb3
cxb2 22. Kxb2 Bb6 23. Rg3 Nb4 24. Nc3 Bd4 25. Ra1 Qc5 26. Rh3 h6 27. Bc4 Rab8
28. Qg6 1-0

[Event "31. Münsterland Open"]
[Site "Senden"]
[Date "2013.11.03"]
[Round "9.10"]
[White "Peterwitz, Klaus"]
[Black "Melchers, Damian"]
[Result "1-0"]
[WhiteElo "2112"]
[BlackElo "1964"]
[PlyCount "74"]
[EventDate "2013.??.??"]

1. Nf3 c5 2. g3 d5 3. Bg2 Nc6 4. d4 Nf6 5. O-O e6 6. c4 Be7 7. cxd5 Nxd5 8.
dxc5 Bxc5 9. e4 Nf6 10. Qxd8+ Kxd8 11. Nc3 Ke7 12. e5 Nd7 13. Bf4 Rd8 14. Rac1
Kf8 15. Rfd1 h6 16. h4 b6 17. Nd4 Nxd4 18. Bxa8 Ba6 19. Bg2 Be2 20. Rxd4 Bxd4
21. Nxe2 Bxb2 22. Rd1 Ke7 23. Nd4 Rc8 24. Nc6+ Ke8 25. Nxa7 Rc7 26. Nb5 Rc5 27.
Nd6+ Ke7 28. Nxf7 Ra5 29. Nd6 Nxe5 30. Bxe5 Bxe5 31. Nc4 Rc5 32. Nxe5 Rxe5 33.
Rb1 Ra5 34. Rb2 Kf6 35. Bf1 Ra4 36. Rxb6 Rxa2 37. Rxe6+ Kf5 1-0

[Event "31. Muensterland Open Senden (9.9)"]
[Site "?"]
[Date "2013.11.03"]
[Round "9"]
[White "Quante, Lennart"]
[Black "Meertens, Martin"]
[Result "1-0"]
[WhiteElo "1927"]
[BlackElo "2174"]
[PlyCount "103"]
[EventDate "2013.??.??"]

1. Nf3 Nf6 2. c4 c6 3. d4 d5 4. cxd5 cxd5 5. Nc3 Nc6 6. Bf4 a6 7. Rc1 Bf5 8. e3
g6 9. a3 Bg7 10. Bd3 Bxd3 11. Qxd3 Nh5 12. Bg3 Nxg3 13. hxg3 O-O 14. b4 Qd7 15.
Ng5 h6 16. Nf3 Rfd8 17. O-O e6 18. Rc2 Ne7 19. Ne2 Rdc8 20. Rfc1 Rxc2 21. Rxc2
Rc8 22. Qd1 Nf5 23. Qc1 Rxc2 24. Qxc2 Nd6 25. Nd2 Nc4 26. Qc3 Qc6 27. Nc1 e5
28. Ne2 b5 29. Nb3 e4 30. Nc5 Bf8 31. Nf4 Bd6 32. Kf1 h5 33. f3 Bxf4 34. gxf4
exf3 35. gxf3 Qc8 36. Kg2 Nd6 37. e4 dxe4 38. fxe4 Qg4+ 39. Qg3 Qe2+ 40. Qf2
Qg4+ 41. Qg3 Qd1 42. d5 Qd4 43. Qf3 Nc4 44. Kh3 Nd2 45. Qe2 Kh7 46. f5 Kh6 47.
fxg6 fxg6 48. Ne6 Qc3+ 49. Kg2 Nc4 50. Qf3 Ne3+ 51. Kg3 Qe1+ 52. Kh3 1-0